| 000 | 00720nam a22002292 4500 | ||
|---|---|---|---|
| 001 | 0000000994 | ||
| 005 | 20151217151802.0 | ||
| 008 | 070223s xx 000 0 eng d | ||
| 020 |
_a0340665122 : _cKES 630 |
||
| 040 |
_aKABU _cKABU |
||
| 050 | 0 |
_aBT886 _b.T73 |
|
| 100 | 1 |
_aTravis, Stephen. _@0000149463 |
|
| 245 | 1 | 0 |
_aChrist will come again : _bhope for the second coming of Jesus / _cStephen Travis. |
| 260 |
_aLondon : _bHodder & Stoughton, _c1997. |
||
| 300 |
_a252 p. ; _c20 cm. |
||
| 650 | 0 |
_aSecond advent. _@0000149464 |
|
| 650 | 0 |
_aEschatology. _@0000149465 |
|
| 908 | _a070223 | ||
| 950 | _@1 | ||
| 999 |
_c5020 _d5020 |
||